|
|
|
|
| LEADER |
00000nab a2200000 a 4500 |
| 001 |
vtls008408990 |
| 003 |
SK-MaSNL |
| 005 |
20260304231058.0 |
| 008 |
250505c2005 xo qr|p|||||||000 b|slo |
| 015 |
|
|
|a SNBRB2005/11
|2 snkbucl
|
| 035 |
|
|
|a (uuid)b7be8328-665d-437e-abe9-8b7483b44f91
|
| 035 |
|
|
|a urn:nbn:sk:snk-abaeoz
|
| 035 |
|
|
|a (urnnbn)urn:nbn:sk:snk:ar-007g54
|
| 038 |
|
|
|a SNKBUCL
|
| 040 |
|
|
|a SNKBUCL
|b slo
|c SNKBUCL
|e AACR2
|
| 041 |
0 |
|
|a slo
|b eng
|
| 044 |
|
|
|a xo
|c SK
|
| 080 |
|
|
|a 681.536.5.015:510.6:004.94
|2 1997
|
| 080 |
|
|
|a 004.94
|2 1997
|
| 100 |
1 |
|
|a Amrich, Marián,
|d 1978-
|4 aut
|9 405715
|
| 245 |
1 |
0 |
|a Návrh a simulácia fuzzy logického regulátora pre riadenie teploty tepelne izolovanej sústavy
|c Marián Amrich
|
| 246 |
3 |
0 |
|a Design and simulation of fuzzy logic controller for temperature control of temperature isolated plant
|
| 300 |
|
|
|b Grafy, tab.
|
| 500 |
|
|
|a Biogr. údaje
|
| 504 |
|
|
|a Bibliogr. odkazy
|
| 546 |
|
|
|a Res. angl.
|
| 650 |
0 |
7 |
|a regulácia teploty
|2 snkbucl
|9 50180
|
| 650 |
0 |
7 |
|a matematické modelovanie
|2 snkbucl
|9 4279
|
| 650 |
0 |
7 |
|a fuzzy regulátory
|2 snkbucl
|9 73039
|
| 650 |
0 |
7 |
|a počítačová simulácia
|2 snkbucl
|9 1866
|
| 773 |
0 |
|
|t Acta electrotechnica et informatica
|g Vol. 5, no. 2 (2005), p. 66-69
|x 1335-8243
|
| 850 |
|
|
|a Slovenská národná knižnica
|
| 852 |
|
|
|a Slovenská národná knižnica
|
| 954 |
|
|
|a odborná, vedecká literatúra pôvodná (slovenská)
|2 lita
|
| 958 |
|
|
|a article14
|
| 958 |
|
|
|a OND
|
| 958 |
|
|
|a NB
|
| 958 |
|
|
|a EUIPO
|
| 999 |
|
|
|c 3187004
|d 3188934
|